000 00433cam a2200169 4500
001 D16402
008 090401t1974 xxu||||| |||| 00| 0 eng d
035 _a(Sirsi) u29152
041 _aeng
110 _aRoyal Institution of Chartered Surveyors
_94900
245 _aYear book 1974 - 75
260 _aCroydon
_bThomas Skinner Directories
_c1974
300 _axlvii. 1215p. 30cm
350 _a0
942 _n0
948 _c04/03/1997
999 _c89397
_d89397